000 00502nam a2200181Ia 4500
003 OSt
005 20230511151625.0
008 210423s1990 xx 000 0 und d
040 _cAL
041 _aeng
082 _a370
_223
_bLOCP
100 _aLOCKE (Michael).
_9103638
245 _aPower and politics in the school system a guide book.
260 _aKottaym
_bOxford University Press
_c1990
365 _cINR
906 _abook. ; guide ; politics ; Power ; school ; system
942 _2ddc
_cBK
999 _c172052
_d172052